| 000 | 00628nam a22002057a 4500 | ||
|---|---|---|---|
| 005 | 20100819160323.0 | ||
| 010 | _aENG-101007 | ||
| 020 |
_a9788181578297 _c200.00 |
||
| 035 | _aEN-84540 | ||
| 037 | _bDBAD/PUB | ||
| 082 | _aN | ||
| 100 |
_aShah,Kishor D _915742 |
||
| 245 |
_aShelter in the city / _cby Kishor D Shah |
||
| 250 | _a2nd ed. | ||
| 260 |
_aKolkata _bWriters Workshop _c2009 |
||
| 270 |
_aWriters Workshop _bKolkata |
||
| 300 |
_a111p _c21cm(pbk) |
||
| 942 |
_2ddc _cEN _hN _mSHA |
||
| 999 |
_c42621 _d42621 |
||